Datum a čas kvízu
23.5
Celkem bodů
Celkový počet nahraných bodů na tomto kvízu bez doplňovacích otázek.
3.
Pořadí na kvízu
Konečné umístění týmu na tomto kvízu.
Zaznamenané odpovědi
| # | Otázka | Odpověď | Body | Výsledky |
|---|---|---|---|---|
| 1. | O konfliktu prezidenta Pavla s... | D | 1 | |
| 2. | Parašutista Nicolas Scarabrin... | oko jehly | 0 | |
| 3. | Lístek na premiéru tohoto film... | Melania | 0 | |
| 4. | Tým španělských vědců vedený D... | slinivky | 0 | |
| 5. | Mistry republiky 2026 se o vík... | A | 1 | |
| 6. | Na obrázku níže můžete vidět d... | Drákula a Frankenstein | 0.5 | |
| 7. | Co by to bylo za hororové téma... | C | 1 | |
| 8. | Ze které (převážně videoherní)... | Resident Evil | 0 | |
| 9. | Michael Myers, zabiják ze séri... | A | 0 | |
| 10. | Čím je inspirován česko-americ... | D | 0 |